Most populated European cities A-Z - Statistics

General Stats
  • This quiz has been taken 102 times
    79 since last reset
  • The average score is 19 of 26
Answer Stats
Population Country Hint Answer % Correct
3 560 000 Germany B Berlin
100%
14 660 000 Turkey I Istanbul
100%
800 000 Netherlands A Amsterdam
99%
12 330 000 Russia M Moscow
99%
2 240 000 France P Paris
99%
2 870 000 Italy R Rome
99%
8 670 000 United Kingdom L London
97%
1 840 000 Austria V Vienna
97%
1 750 000 Poland W Warsaw
96%
1 760 000 Germany H Hamburg
95%
2 910 000 Ukraine K Kiev
93%
870 000 Italy T Turin
91%
790 000 Croatia Z Zagreb
91%
1 040 000 Germany C Cologne
88%
690 00 Germany F Frankfurt am Main
88%
5 223 000 Russia S Saint Petersburg
88%
600 000 United Kingdom G Glasgow
79%
570 000 Germany E Essen
67%
1 000 000 Ukraine O Odessa
62%
1 390 000 Russia Y Yekaterinburg
53%
210 000 Spain J Jerez de la Frontera
42%
980 000 Ukraine D Dnipro
33%
1 080 000 Russia U Ufa
28%
60 000 France Q Quimper
18%
20 000 Germany X Xanten
12%
1 260 000 Russia N Nizjnij Novgorod
0%
No matching quizzes found
Score Distribution
Percent of People with Each Score
Percentile by Number Answered
Your Score History
You have not taken this quiz since the last reset